LIBRARY ONLINE CATALOGUE

DeMIStifying MIS : (Record no. 7339)

MARC details
000 -LEADER
fixed length control field 00719nam a22002052 4500
001 - CONTROL NUMBER
control field 0000007001
005 - DATE AND TIME OF LATEST TRANSACTION
control field 20151217152019.0
008 - FIXED-LENGTH DATA ELEMENTS--GENERAL INFORMATION
fixed length control field 071106s xx 000 0 eng d
020 ## - INTERNATIONAL STANDARD BOOK NUMBER
International Standard Book Number 0821345591 :
Terms of availability KES 800
040 ## - CATALOGING SOURCE
Original cataloging agency KABU
Transcribing agency KABU
245 10 - TITLE STATEMENT
Title DeMIStifying MIS :
Remainder of title guidelines for management information systems in social funds /
Statement of responsibility, etc. Luc Lecuit ... [et al.].
260 ## - PUBLICATION, DISTRIBUTION, ETC. (IMPRINT)
Place of publication, distribution, etc. Washington, D. C. :
Name of publisher, distributor, etc. World Bank,
Date of publication, distribution, etc. 1999.
300 ## - PHYSICAL DESCRIPTION
Extent ix, 66 p.
650 #0 - SUBJECT ADDED ENTRY--TOPICAL TERM
Topical term or geographic name as entry element Economic development projects
General subdivision Management
-- Communication.
-- 0000158004
650 #0 - SUBJECT ADDED ENTRY--TOPICAL TERM
Topical term or geographic name as entry element Management information systems.
-- 0000148209
700 1# - ADDED ENTRY--PERSONAL NAME
Personal name Lecuit, Luc.
-- 0000158005
908 ## - PUT COMMAND PARAMETER (RLIN)
Put command parameter 071106
950 ## - LOCAL HOLDINGS (RLIN)
-- 1
Holdings
Withdrawn status Lost status Source of classification or shelving scheme Not for loan Home library Current library Date acquired Total Checkouts Full call number Barcode Date last seen Price effective from Koha item type
    Library of Congress Classification   Kabarak, Main Campus Kabarak, Main Campus 17/12/2015   HD75.8 .D46 010943 02/08/2024 17/12/2015 General Collection